00342nam a22001457a 4500003000400000008004100004020001800045100001300063245002700076250002100103260003200124300000800156650001400164700001800178OSt210408b ||||| |||| 00| 0 eng d a9789353396961 aFADIA,BL aInternational Politics a21th Revised Ed. aAgrabSahitya Bhawan c2020 a650 aBAHONSENG aFADIA,Kuldeep